Discover Japan / (Record no. 26003)
[ view plain ]
| 000 -LEADER | |
|---|---|
| fixed length control field | 00844nam a2200289 a 4500 |
| 001 - CONTROL NUMBER | |
| control field | 26003 |
| 003 - CONTROL NUMBER IDENTIFIER | |
| rucl marc code | BD-RjUL |
| 005 - DATE AND TIME OF LATEST TRANSACTION | |
| control field | 20211209050946.0 |
| 008 - FIXED-LENGTH DATA ELEMENTS--GENERAL INFORMATION | |
| fixed length control field | 140320r19871983ja a 001 0 eng |
| 020 ## - INTERNATIONAL STANDARD BOOK NUMBER | |
| International Standard Book Number | 0870118366 |
| International Standard Book Number | 4770013361 |
| 035 ## - SYSTEM CONTROL NUMBER | |
| System control number | (BD-RjUL)26073 |
| 040 ## - CATALOGING SOURCE | |
| Original cataloging agency | DLC |
| Transcribing agency | DLC |
| Modifying agency | DLC |
| -- | BD-RjUL |
| Language of cataloging | eng |
| 041 ## - LANGUAGE CODE | |
| Language code of text/sound track or separate title | eng |
| 082 00 - DEWEY DECIMAL CLASSIFICATION NUMBER | |
| Classification number | 952 |
| Edition number | 19 |
| Author mark and year | DIS V-2 1987 |
| 245 10 - TITLE STATEMENT | |
| Title | Discover Japan / |
| Number of part/section of a work | Vol.2 |
| Name of part/section of a work | words, customs, and concepts. |
| 250 ## - EDITION STATEMENT | |
| Edition statement | 1st ed. |
| 260 ## - PUBLICATION, DISTRIBUTION, ETC. (IMPRINT) | |
| Place of publication, distribution, etc. | Tokyo ; |
| -- | New York : |
| Name of publisher, distributor, etc. | Kodansha International, |
| Date of publication, distribution, etc. | c1983 [Reprinted 1987]. |
| 300 ## - PHYSICAL DESCRIPTION | |
| Pagination | 2 v. : |
| Illustrations | ill. ; |
| Size | 22 cm. |
| 504 ## - BIBLIOGRAPHY, ETC. NOTE | |
| Bibliography, etc | Includes indexes. |
| 651 #0 - SUBJECT ADDED ENTRY--GEOGRAPHIC NAME | |
| Geographic name | Japan |
| General subdivision | Civilization. |
| 9 (RLIN) | 79897 |
| Geographic name | Japan |
| General subdivision | Foreign public opinion. |
| 9 (RLIN) | 76922 |
| 942 ## - ADDED ENTRY ELEMENTS (KOHA) | |
| Source of classification or shelving scheme | Dewey Decimal Classification |
| Koha item type | Books |
| Lost status | Source of classification or shelving scheme | Damaged status | Not for loan | Collection code | Permanent Location | Current Location | Shelving location | Date acquired | Source of acquisition | Total Checkouts | Full call number | Date last seen | Copy number | Koha item type |
|---|---|---|---|---|---|---|---|---|---|---|---|---|---|---|
| Dewey Decimal Classification | Added to bundle | Non-fiction | Central Library, University of Rajshahi | Central Library, University of Rajshahi | Reading Room | 05/07/1994 | Japan foundation | 952 DIS V-2 1987 | 20/03/2014 | C-1 | Books |